| 000 | 00511nam a2200181Ia 4500 | ||
|---|---|---|---|
| 008 | 240925s9999 xx 000 0 und d | ||
| 020 | _a9788130930633 | ||
| 082 | _a530.141 GHA | ||
| 100 | _aGhatak, Ajoy ; Thyagarajan, K. ; Varshney, R. K. | ||
| 245 | 0 | _aProblems and Solutions in Electromagnetics | |
| 250 | _aNA | ||
| 260 |
_aNew Delhi: _bViva Books _c,2015. |
||
| 300 |
_a1339p. _b0 _fOriginal |
||
| 500 | _aIncludes Index | ||
| 600 | _aHumanities & Natural Science | ||
| 650 | _aPhysics | ||
| 942 | _cBK | ||
| 999 |
_c13600 _d13600 |
||